[Event "Match 70__120'/40"]
[Site "Zürich"]
[Date "2022.??.??"]
[Round "42"]
[White "CXG Sphinx Legend"]
[Black "CXG Sphinx 40 most agg"]
[Result "1-0"]
[WhiteElo "1816"]
[BlackElo "1780"]
[Annotator "Utzinger,K"]
[PlyCount "158"]
[EventDate "2022.??.??"]

{[%evp 0,158,19,38,89,43,43,48,34,43,33,39,33,31,31,31,61,17,25,23,13,6,34,37,
45,34,44,41,37,54,47,39,60,40,34,42,38,38,60,65,58,59,53,56,105,61,77,80,96,81,
147,100,103,87,304,204,211,235,235,278,286,281,287,287,294,302,306,308,308,308,
308,308,323,327,329,352,361,348,399,369,368,384,380,425,421,379,384,356,372,
350,429,443,496,514,542,547,547,557,664,679,679,679,1146,679,702,705,744,792,
764,764,1014,1014,1022,645,638,29970,29971,29980,29979,29978,29979,29982,29983,
29984,29985,29988,29989,29986,29987,29984,29985,29986,29987,29984,29985,29986,
29987,29988,29989,29984,29985,29986,29987,29984,29985,29986,29987,29984,29985,
29986,29987,29988,29989,29990,29991,29990,29991,29992,29993,29994,29995]} 1. e4
Nf6 {Match 120'/40 | Bediener: Rolf Bühler | 42. Partie: Weiss (Sphinx Legend)
gewinnt | Zwischenstand: 24,0-18,0 (57,1%) für Sphinx Legend | Gegen die
Aljechin-Verteidigung wählt die Sphinx Legend den zahmen Aufbau mit 2.Sc3 d5
3.exd5 und so ergibt sich auch eine ruhige Partie ohne nennenswerte
Höhepunkte bis zum 21. Zug, wo Schwarz den gegnerischen Springer auf e5 mit
der falschen Figur, Läufer statt Dame, schlägt. Zwar verpasst Weiss die
sofortige Widerlegung, doch patzt die Sphinx 40 zwei Züge später erneut und
gerät in eine verlorene Stellung. Danach lässt das Programm von Gyula
Horvath nichts mehr anbrennen, obwohl im reinen Endspiel K+T gegen K gar
Zweifel aufkommen, ob Weiss überhaupt in der Lage ist, Matt zu setzen. Zum
Glück zeigte sich die CXG Sphinx Legend der für sie offenbar schwierigen
Aufgabe am Ende doch noch gewachsen.} 2. Nc3 d5 3. exd5 Nxd5 4. Bc4 e6 5. Nf3
Be7 6. O-O O-O 7. d4 b6 {***ENDE BUCH***} 8. Ne4 {***ENDE BUCH***} Bb7 9. Bd2 {
Eine (zu) zahme Fortsetzung à la Sphinx Legend.} (9. Re1 Nd7 10. Ne5 c5 11.
Bb5 Nxe5 12. dxe5 Nc7 13. Qxd8 Rfxd8 14. Bd3 h6 15. Nc3 Nd5 16. Nxd5 Bxd5 $11 {
ausgeglichen, obwohl Schwarz es schaffte, noch zu verlieren | 1-0 (86) Simacek,
P (2402)-Sergeev,V (2506) Czech Republic 2001}) 9... a5 {Die "Unergründliche*
findet nicht den besten Aufbau, der in 9...Sbd7 Entwicklung, gefolgt von ...c5
mit leichtem Vorteil für Schwarz, dessen Aufstellung harmonischer daherkommt.}
10. Re1 Nf6 {Noch immer war ...Sbd7 nebst ...c5 der sinnvollere Plan.} 11.
Nxf6+ Bxf6 12. c3 Ba6 {Verliert ein unnötiges Tempo} 13. Qe2 Bxc4 14. Qxc4 $14
{Nun hat Weiss doch noch leichten Vorteil erzielen können.} Qd6 {Eine gute
Antwort.} 15. Qe2 c5 16. dxc5 Qxc5 17. Be3 Qc7 $11 {ausgeglichen} 18. Rad1 Nc6
(18... Nd7 {ist etwas genauer, bleibt doch auch der b6-Bauer gedeckt und hat
der Springer auf c5 ein schönes Feld.}) 19. Qb5 Rfb8 {Aktiver ist 19...a4,
aber die Varianten mit vorübergehender Hergabe eines Bauern sind natürlich
für unsere Oldies nicht berechenbar.} 20. Rd2 Ne5 {Genauer 20...Se7 nebst ...
Sd5 =.} 21. Nxe5 {[#]} Bxe5 $2 {Ein entscheidender Fehler, der nicht bestraft
wird. Schwarz musste mit der Dame schlagen.} 22. h3 $2 {Rettet den
angegriffenen h2-Bauer, aber verpasst einen klaren Gewinn.} (22. Rd7 $1 {
gewinnt} Bxh2+ 23. Kh1 Qe5 24. Qe2 Bf4 25. Qf3 Bxe3 26. Qxf7+ Kh8 27. Rxe3 $18
{und die weisse Stellung ist übermächtig.}) 22... Bd6 23. Red1 Bh2+ $2 {
Gerät erneut in die Verlustzone. Schwarz sollte sich mit einer klar
schlechteren Stellung abfinden nach:} (23... Bc5 24. Rd7 Qc8 25. Bf4 $16) 24.
Kf1 {Noch günstiger ginge der König nach h1.} g6 25. Rd7 $18 {Weisse
Gewinnstellung} Qe5 26. Qc6 b5 {Ganz schlecht in dem Sinne, dass Schwarz die
Sache für den Gegner ganz einfach macht.} {[#]} 27. Qxa8 $1 {Manchmal kann
gar der taktische "Schläfer", die Sphinx Legend, zuschlagen. Motiv:
Materialgewinn durch die Fesslung Ld4, nachdem Schwarz zu ...Kg7 gezwungen
wurde.} Rxa8 28. Rd8+ Kg7 (28... Rxd8 29. Rxd8+ Kg7 30. Bd4 Qxd4 31. Rxd4 $18)
29. Bd4 Rxd8 (29... Ra6 {ändert nichts an der schwarzen Misere, denn nun geht
auch der Lh2 verloren nach} 30. g3 Qxd4 31. R1xd4 $18 {und sobald der schwarze
Läufer h2 durch Kg2 erobert wird, besitzt Weiss einen ganzen Turm mehr.}) 30.
Bxe5+ Bxe5 31. Rxd8 Kf6 32. Ra8 b4 33. c4 Bxb2 34. Rxa5 h5 35. Rb5 Ba3 36. c5
Ke5 37. Rb7 Kd5 38. Rxf7 Kxc5 39. Rf6 g5 40. Rxe6 Kd5 41. Rg6 Bc1 42. Rh6 h4
43. Rb6 Kc5 44. Rg6 Bf4 45. g3 hxg3 46. fxg3 Bc1 47. h4 gxh4 48. gxh4 Be3 49.
Ke2 Bd4 50. h5 Kc4 51. h6 Kc3 52. Rc6+ Kb2 53. Kd3 Bh8 54. Rc8 Bf6 55. Rf8 Be5
56. h7 Kxa2 57. h8=Q Bxh8 58. Rxh8 b3 59. Ra8+ Kb1 60. Kc3 b2 61. Rb8 Kc1 62.
Rxb2 Kd1 {[#] Matt in 6 Zügen. Aber mit dem Gewinn dieses kinderleichten
Endspiels tut sich nun die Sphinx Legend noch unglaublich schwer. Das Programm
von Gyula Horvath benötigt 11 Züge mehr als notwendig.} 63. Rf2 $2 {Matt in 7
} (63. Ra2 Ke1 64. Kd3 Kf1 65. Ke3 Kg1 66. Kf3 Kh1 67. Kg3 Kg1 68. Ra1#) 63...
Ke1 64. Rf7 $2 {Matt in 8} Ke2 65. Kd4 {Matt in 7} Kd2 66. Rf6 $2 {Matt in 8}
Ke2 67. Rf5 {Matt in 7} Kd2 68. Rf2+ {Matt in 6} Ke1 69. Rf8 $2 {Matt in 8} Ke2
70. Rf6 {Matt in 7} Kd2 71. Rf7 $2 {Matt in 8} Ke2 72. Rf8 {Matt in 7} Kd2 73.
Re8 $2 {Matt in 8. Bald muss man Angst haben, dass Weiss den Gewinn nicht wird
erreichen können.} Kc2 74. Rb8 {Matt in 7} Kd2 75. Rb2+ {Matt in 6} Kd1 76.
Kd3 {Matt in 5} Ke1 77. Re2+ $2 {Matt in 5} Kf1 78. Ke3 {Matt in 4} Kg1 79. Rf2
{Matt in 3} Kh1 {***AUFGEGEBEN***} 1-0

[Event "Match 70__120'/40"]
[Site "Zürich"]
[Date "2022.??.??"]
[Round "43"]
[White "CXG Sphinx 40 most agg"]
[Black "CXG Sphinx Legend"]
[Result "0-1"]
[WhiteElo "1780"]
[BlackElo "1816"]
[Annotator "Utzinger,K"]
[PlyCount "115"]
[EventDate "2022.??.??"]

{[%evp 0,115,25,23,32,12,-11,-11,6,20,20,15,23,11,37,34,37,44,34,31,45,36,41,2,
2,12,0,1,40,40,32,9,39,11,23,43,23,35,24,36,106,17,5,3,0,-4,9,31,24,-3,14,4,21,
21,21,-51,-25,-91,-60,-116,-116,-116,-124,-141,-119,-147,-147,-147,-147,-212,
-170,-155,-155,-155,-155,-172,-188,-188,-179,-176,-198,-209,-191,-219,-219,
-269,-282,-239,-223,-225,-231,-256,-245,-258,-258,-328,-245,-321,-229,-360,
-393,-556,-734,-952,-473,-994,-1006,-1062,-1130,-1136,-1099,-1330,-1413,-1555,
-1734,-1904,-2025,-29969]} 1. d4 Nf6 {Match 120'/40 | Bediener: Rolf Bühler |
43. Partie: Schwarz (Sphinx Legend) gewinnt | Zwischenstand: 25,0-18,0 (58,1%)
für die Sphinx Legend. | In einem klassischen Damengambit mit 5.Lf4 agieren
beide Programme nach Buchende nicht optimal. Und nach dem Fehler 19...Lh4?
verpasst Weiss die ihm zufallende Gewinnchance gegen die schwarze
Königsstellung. Später ist es dann Weiss, der strauchelt, nachdem die Sphinx
40 ihre Dame mit 27.Dh5? in eine ungünstige Stellung bringt. Mittels
Ablenkung wird Weiss dann gezwungen eine Leichtfigur gegen 2 Bauern zu opfern.
Die so erreichte Überlegenheit der schwarzen Stellung genügt der Sphinx
Legend, den Sieg einzufahren, wobei seine Freibauern am Damenflügel die
Entscheidung bringen.} 2. c4 e6 3. Nc3 d5 4. Nf3 Be7 5. Bf4 O-O 6. e3 b6 {
***ENDE BUCH***} 7. Bd3 {***ENDE BUCH***} dxc4 8. Bxc4 Bb7 (8... Ba6 {wäre
die von mir eher bevorzugte Wahl, aber das ist Geschmackssache.}) 9. O-O c5 10.
dxc5 Bxc5 {Auch hier war es Geschmacksache, wie man zurücknimmt, obwohl der
Textzug etwas aussieht.} 11. Na4 {Hier steht der Springer nicht optimal.
Genauer 11.De2 nebst Td1.} Be7 12. Rc1 Nbd7 13. Nc3 {Und schon geht er wieder
zurück.} Kh8 $6 {Absolut sinnlos. Nachdem Weiss durch das Springermanöver
Sc3-a4-c3 ein Tempo verloren hat, sollte Schwarz das mit ...a6 oder ...Tc8
ausnutzen mit leichtem Vorteil.} 14. Nb5 {Avisiert den Punkt d6 an.} Nc5 $6 {
Nicht die beste Fortsetzung, die in 14...Se4 bestand.} (14... Ne4 15. Nd6 Nxd6
16. Bxd6 Bxd6 17. Qxd6 Nf6 $11) 15. Ne5 $6 {Aber auch Weiss findet das
deutlich stärkere 15.De2 nicht.} Nd5 16. Bg3 Ne4 17. Qf3 Nxg3 18. Qxg3 a6 {
Der weisse Vorteil hat sich in Luft aufgelöst.} 19. Nd4 {[#] Droht mit Sc6
das gegnerische Läuferpaar zu vernichten.} Bh4 $2 {Statt 19...Tc8 oder 19...
Ld6 ein komischer Zug, der gemäss den Engines bereits verliert, was für
beide Kämpfer nie und nimmer zu durchschauen war.} 20. Qg4 $2 {Verdirbt den
mit 20.Dh3! möglichen Gewinn.} (20. Qh3 $1 b5 21. Bd3 h6 22. Bg6 Qf6 23. Nxf7+
Kg8 24. Qg4 $18 {weisse Gewinnstellung}) 20... Bf6 $11 {Die Stellung befindet
sich im Gleichgewicht.} 21. Ndf3 Qd6 {Hier waren ...Tc8 und ...b5 oder ...De7
geringfügig genauer.} 22. Qg3 Rad8 23. Rfd1 {Droht mit e4 den gefesselten
Springer d5 zu erobern.} Qe7 {Siehe meine Anmerkung zu 21...Dd6; Schwarz hat
nun ein Tempo verloren.} 24. a3 {Will er vielleicht ...Db4 oder ...Sb4
verhindern? Dazu bestand kein Anlass.} b5 {Sehr gut war auch der
prophylaktische Königszug nach g8, was das Manöver Se5-g6+ ausschaltet und
so ein mögliches Eindringen des weissen Turms auf die siebte Reihe mit einmal
Tc7 verhindert.} 25. Bd3 {Sowohl 25.Lb3 als auch 25.Lxd5 sind genauer.} (25.
Bxd5 Bxd5 26. Rc7 Qxc7 27. Ng6+ hxg6 28. Qxc7 $13 {mit unklarer Stellung.})
25... Rc8 {Auch hier war ...Kg8 gut, während...Sb6 ebenso Beachtung verdient.}
26. Qh3 {Die Engines plädieren vorerst für den Turmtausch auf c8.} (26. Rxc8
Rxc8 27. Qh3 h6 28. Bg6 $1 Bxe5 (28... fxg6 $4 29. Nxg6+ Kh7 30. Nxe7) 29. Nxe5
f6 30. Nf7+ Kg8 31. Qg3 f5 32. Nd6 $14 {mit weissem Vorteil}) 26... h6 {[#]}
27. Qh5 $2 {Es wird sich erweisen, dass die Dame hier einfach schlecht steht.}
Kg8 $1 28. h3 Rfd8 $2 {Weshalb die Engines zwei andere Fortsetzungen deutlich
bevorzugen, können unsere Oldies nicht erkennen.} (28... Rxc1 29. Rxc1 Qd6 30.
Bb1 Nb6 31. e4 Nd7 32. Nxd7 Qxd7 33. e5 Bd8 34. Qg4 Bb6 $17) (28... Nb6 29. Be2
Bd5 30. Rxc8 Rxc8 31. b4 Na4 $17) 29. Rc2 $2 {Keine brauchbare Verteidigung.} (
29. Bf1 g6 30. Qg4 $17 {und Weiss kann noch Kampf liefern.}) 29... Rxc2 30.
Bxc2 Qc7 $19 {Schwarz beherrscht nun das ganze Brett.} 31. Bb1 g6 $1 {So
erobert Schwarz entscheidend Material, denn Weiss muss eine Figur opfern, weil
der weisse Springer e5 sonst verloren geht.} 32. Bxg6 fxg6 33. Qxg6+ Qg7 34.
Qe4 Rd6 $1 35. Qg4 {Weiss mangelt es an guten Zügen.} Qxg4 36. Nxg4 Bxb2 {
Mit dem Fall der weissen Bauern am Damenflügel ist die Sache entschieden.} 37.
e4 h5 $1 {Die beste Antwort.} 38. Ne3 Bxa3 39. exd5 Bxd5 40. Nxd5 Rxd5 41. Ra1
b4 42. Kf1 b3 $2 {Und einmal mehr zeigt die Sphinx Legend ihre Stärke in der
Behandlung von Freibauern.} 43. Rxa3 Rd1+ 44. Ke2 b2 45. Rb3 (45. Nd2 Rxd2+ $1
46. Kxd2 b1=Q $19) 45... b1=Q 46. Rxb1 Rxb1 47. g4 Rb5 48. Ke3 Kf7 49. Ke4 a5
50. g5 a4 51. Ne5+ Kg7 52. Nf3 a3 53. Ne1 a2 54. Nc2 Rxg5 55. Kd3 Rc5 56. Na1
Rc1 57. Nb3 Rb1 58. Kc4 {***AUFGEGEBEN***} 0-1

[Event "Match 70__120'/40"]
[Site "Zürich"]
[Date "2022.??.??"]
[Round "44"]
[White "CXG Sphinx Legend"]
[Black "CXG Sphinx 40 most agg"]
[Result "1-0"]
[WhiteElo "1816"]
[BlackElo "1718"]
[Annotator "Utzinger,K"]
[PlyCount "128"]
[EventDate "2022.??.??"]

{[%evp 0,128,43,38,53,46,46,10,3,-1,14,14,14,-18,0,-18,-5,-7,7,-5,3,3,4,-8,4,
13,-1,0,25,10,10,10,29,-85,-59,-59,-59,-64,-26,-10,0,-8,-12,-118,-37,-40,34,20,
27,60,285,297,299,297,320,307,312,305,435,313,313,303,351,288,297,281,335,375,
454,475,467,478,512,494,644,517,497,525,521,531,621,612,697,598,598,608,610,
628,647,648,647,647,647,669,688,705,705,738,835,709,724,708,732,756,827,816,
850,847,855,713,744,827,900,900,916,855,1954,933,950,1113,1052,1179,1449,1371,
1455,1837,2265,2286,3284,2813,29987]} 1. e4 c5 {Match 120'/40 | Bediener: Rolf
Bühler | 44. Partie: Weiss (Sphinx Legend) gewinnt | Zwischenstand: 26,0-18,0
(59%) für die Sphinx Legend | Die Feinheiten des Grand Prix Angriffs gegen
die Sizilianische Verteidigung 1.e4 c5 2.Sc3 Sc6 3.f4 sind beiden Programmen
verständlicherweise fremd. Und so wechseln sich die kleinen Vorteile zwischen
Weiss und Schwarz in bunter Folge ab. Einmal verpasst die Sphinx Legend den
Bauernvorstoss f4-f5, der ihr einen starken Königsangriff ermöglicht hätte.
Aber auch Schwarz unterlässt es im Mittelspiel, das Zepter an sich zu reissen.
Dann schlägt aber wieder einmal die bekannte Grundlinienschwäche der Sphinx
40 durch, indem die Partie mit einem schrecklichen Damenmanöver sofort ins
Elend geführt wird. Und mit ihrem Sieg hat die Sphinx Legend von Gyula
Horvath 26 Punkte auf dem Konto und somit das Match bereits vorzeitig gewonnen.
In den letzten 6 Partien kann die Sphinx 40 nur noch auf Schadensbegrenzung
einer zu hohen Niederlage ankämpfen.} 2. Nc3 Nc6 3. f4 e6 4. Nf3 d5 {***ENDE
BUCH***} 5. Bb5 {***ENDE BUCH***} d4 {Eine wenig übliche Fortsetzung, aber
sicher spielbar. Mit 5...Sge7 und/oder 5...d4 erzielt Schwarz statistisch
bessere Ergebnisse.} (5... Nge7 6. exd5 Nxd5 (6... exd5 7. Qe2 $1) 7. Ne5 Bd7
8. Bxc6 Bxc6 9. Nxc6 bxc6 10. Qf3 Be7 11. d3 O-O 12. Ne4 Qa5+ 13. c3 Rad8 14.
O-O Qa6 15. Qe2 Nf6 16. Nf2 Rfe8 17. c4 Bf8 18. b3 Nd7 19. Bb2 Qb7 20. Ne4 Qc7
21. Rae1 Re7 22. Rf3 f5 23. Nd2 Rde8 24. g3 e5 25. fxe5 Nxe5 26. Re3 {1/2-1/2 
(26) Yakubboev,N (2600)-Kasimdzhanov,R (2652) Tashkent 2019}) 6. Ne2 {Ein
möglicher "Widerlegungsversuch" besteht in 6.Lxc6+, um später die statische
Schwäche der schwarzen Bauernstruktur als Mangel nachweisen zu können.} (6.
Bxc6+ bxc6 7. Nb1 c4 $5 8. d3 cxd3 9. cxd3 $14) 6... Nge7 7. Bc4 $6 {An
solchen "Rückzügen" erkennt man, dass Weiss den Sinn seines bisherigen
Aufbaus nicht verstanden hat.} (7. a4 $5 {stemmt sich dem schwarzen Plan ...a6
nebst ...b5 entgegen.}) (7. a3 $5 {eine beachtenswerte Neuerung der modernen
Engines, um mit b2-b4 den schwarzen Zentrumsbauer d4 zu unterminieren.}) 7...
Ng6 (7... Na5 8. Bb5+ Nec6 {ist eine interessante Alternative, um den
Läufertausch auf c6 zu forcieren, und sich das Läuferpaar zu sichern, ohne
die Bauernstellung schwächen zu müssen.} 9. O-O a6 10. Bxc6+ Nxc6 $11) 8. O-O
Bd6 9. d3 O-O 10. c3 $6 {Strategisch nicht das Gelbe vom Ei. Eher würde man
10.e5 erwarten als Vorbereitung für einen künftigen Königsangriff.} Nh4 $6 {
Schwarz zeigt ebenso wenig genügen Verständnis für die Lage.} (10... dxc3 {
ist die bessere Wahl} 11. bxc3 Na5 12. Bb5 f5 $5 13. exf5 exf5 $11) 11. Nxh4
Qxh4 12. cxd4 cxd4 {Gar nichts sprach auch gegen 12...Sxd4.} 13. Bb5 {Aber
auch Weiss lässt es an der Genauigkeit vermissen. Mit 13.e5 bliebe Weiss im
Vorteil.} {[#]} e5 $2 {Mit diesem verfehlten Vorstoss erlaubt Schwarz den
Vorstoss f5, was die Basis für einen starken Angriff von Weiss am
Königsflügel schafft. Besser hätte Schwarz mit 13...Ld7 seine Entwicklung
vorangetrieben.} 14. fxe5 $2 {Weiss bemerkt nichts von seinem Glück.} ({Nach} 
14. f5 $1 {nebst Tf3 rollt der weisse Angriff fast von selbst.}) 14... Nxe5 15.
Bf4 a6 $11 {Die Stellung befindet sich wieder im Gleichgewicht.} 16. Bc4 $6 {
Natürlich sollte der Läufer besser nach a4 gehen.} Nxc4 17. dxc4 Bc5 $15 {
Und schon steht Schwarz besser, vorerst droht durch ...d3+ Figurengewinn.} 18.
Qd3 (18. Nxd4 $2 {wäre ein glatter Verlustzug} Rd8 19. Be3 Qxe4 20. Re1 Rxd4
21. Bxd4 Qxd4+ 22. Qxd4 Bxd4+ 23. Kh1 Be6 $19) 18... Qg4 $6 {Wirft den
errungenen Vorteil weg.} (18... Re8 19. Rae1 Bd7 $15) 19. Nxd4 $6 {Bringt sich
wieder unnötig in eine ungünstigere Position und verpasst 19.h3 mit gleichem
Spiel.} (19. h3 Qxe2 20. Qxe2 d3+ 21. Qf2 Bxf2+ 22. Kxf2 $11) 19... Rd8 20. Be3
Bd6 $6 {Nur mit 20...Le6 konnte Schwarz versuchen, noch etwas Vorteil zu
erhalten.} 21. Rfe1 $2 {Ermöglicht dem Gegner, wieder die Initiative zu
ergreifen, was nach 21.Dc2 und/oder 21.Tad1 nicht der Fall wäre.} b6 $2 {
Verpasst erneut eine Chance für besseres Spiel.} (21... Qh4 $1 22. h3 Qg3 23.
Kf1 Bxh3 24. gxh3 Qxh3+ 25. Ke2 Qg2+ 26. Kd1 Be5 $17) 22. Bf2 Be5 {Genauer
sind:} (22... Bb4 $11) (22... Qh5 $11) 23. Rad1 Qh5 24. h3 {[#]} Qg6 $4 {
Natürlich stand Weiss mit seinem Mehrbauer besser, aber das Damenmanöver -
ein taktischer Fehler erster Güte - führt in Blitzeseile direkt in die
Katastrophe, bzw. zu einer verlorenen Stellung. Einmal mehr zeigt sich
unerbittlich die schon oftmals festgestellte Grundlinienschwäche der CXG
Sphinx 40.} 25. Nf5 $1 {Ein leicht zu findender Gewinnzug: Der Td8 ist doppelt
angegriffen, so dass auch ...Lxf5 nichts hilft wegen Dxd8 nebst Matt im
nächsten Zug. Gleichzeitig droht aber auch Se7+ mit Eroberung der schwarzen
Dame.} Rxd3 (25... Bxf5 26. Qxd8+ Rxd8 27. Rxd8#) (25... Bd6 26. Nxd6 Bxh3 27.
Qxh3 Rxd6 28. Rxd6 Qxd6) 26. Ne7+ Kh8 27. Nxg6+ hxg6 28. Rxd3 {Die
Materialbilanz (T+B gegen L) spricht nun deutlich klar zugunsten von Weiss.}
Bxb2 29. Rd8+ Kh7 30. Bxb6 g5 31. Rb1 Bf6 32. Rf8 Rb8 33. Rb3 Rxb6 $2 {Jetzt
fängt die Sphinx 40 gar noch an zu kombinieren, verschlechtert jedoch nur die
sonst schon verlorene Stellung.} 34. Rxb6 Bd4+ 35. Kf1 Bxb6 36. Rxc8 {Der Rest
ist Schweigen, bwz. bedarf keiner Kommentare mehr, denn die Stellung ist
kinderleicht zu gewinnen für Weiss.} g6 37. Rc6 Bd4 38. Rxa6 Kg7 39. Ke2 Be5
40. c5 Kf8 41. c6 Ke7 42. Ra7+ Kd6 43. c7 Kd7 44. c8=Q+ Kxc8 45. Rxf7 Kd8 46.
a4 Ke8 47. Rb7 Bc3 48. Kd3 Ba5 49. Rg7 Bd8 50. e5 Kf8 51. Rxg6 Kf7 52. Rc6 Ba5
53. Rf6+ Ke8 54. Rf5 Bd8 55. e6 Ke7 56. Rxg5 Kxe6 57. Rg8 Kd7 58. g4 Bb6 59. g5
Ke7 60. h4 Kf7 61. Rb8 Bc5 62. h5 Bd6 63. Rb7+ Kg8 64. h6 Kh8 {***AUFGEGEBEN***
} 1-0